[Event "Lima Palma Memorial U1850 1st"]
[Site "Lima"]
[Date "2018.01.22"]
[Round "1.15"]
[White "Chavez Mogrovejo, Juan Luis"]
[Black "Saravia Madrid, Joaquin Andres"]
[Result "1-0"]
[WhiteElo "1613"]
[BlackElo "1004"]
[PlyCount "55"]
[EventDate "2018.01.23"]
[EventType "swiss"]
[EventRounds "8"]
[EventCountry "PER"]
[SourceTitle "EXT 2024"]
[Source "ChessBase"]
[SourceDate "2023.10.10"]
[SourceVersion "1"]
[SourceVersionDate "2023.10.10"]
[SourceQuality "1"]

1. g3 d5 2. Bg2 Nf6 3. c4 dxc4 4. Qa4+ Bd7 5. Qxc4 Be6 6. Qc2 Nc6 7. Nc3 Nd4 8. Qd1 Ng4 9. Nf3 Nxf3+ 10. Bxf3 Qd6 11. Qa4+ c6 12. Bxg4 Bxg4 13. Qxg4 Qe6 14. Qxe6 fxe6 15. d4 Rd8 16. e3 b5 17. Ne4 Rc8 18. Bd2 g6 19. a4 bxa4 20. Rxa4 Rc7 21. Nc5 Kf7 22. Ke2 Kf6 23. e4 e5 24. Bc3 exd4 25. e5+ Kxe5 26. Bxd4+ Kd5 27. Bxh8 e5 28. Nd3 1-0